000 00865nab a2200253uu 4500
001 14180
003 HDC
007 cr aa aaaau
008 210214p2006 my ||||| |||| 00| 0 eng d
040 _aHDC
100 _aNesaretnam, Kalanithi
_eauthor
_914481
245 0 _aWatching What You Eat - The Trans Fat Story / by
_cKalanithi Nesaretnam
260 _aKuala Lumpur :
_bMalaysian Palm Oil Board,
_c2006
300 _a1 online resource ( 3 pages )
336 _atext
_2rdacontent
337 _acomputer
_2rdamedia
338 _aonline resource
_2rdacarrier
650 _ahealthy living
_914779
650 _aTrans Fat
_914778
856 _zRequest full-text at [email protected]
942 _2lcc
942 _cAR
942 _kJART 003380
999 _c11496
_d11496